[Event "Sunnyvale 1000-D 09"]
[Site "Sunnyvale"]
[Date "2023.09.17"]
[Round "4"]
[White "Vasquez Ramirez, Rocio Nefertiti"]
[Black "Qi, Jenny"]
[Result "1-0"]
[WhiteElo "2069"]
[BlackElo "1696"]
[PlyCount "71"]
[EventDate "2023.09.16"]
[EventType "schev"]
[EventRounds "5"]
[EventCountry "USA"]
[SourceTitle "EXT 2024"]
[Source "ChessBase"]
[SourceDate "2023.10.10"]
[SourceVersion "1"]
[SourceVersionDate "2023.10.10"]
[SourceQuality "1"]

1. Nf3 Nf6 2. g3 Nc6 3. Bg2 e6 4. c4 d5 5. 0-0 dxc4 6. Qa4 Bd7 7. Qxc4 Na5 8. Qc2 Rc8 9. Ne5 Bd6 10. Nxd7 Qxd7 11. Nc3 c5 12. d3 a6 13. b3 0-0 14. Bb2 Nc6 15. Na4 Qc7 16. Bxf6 gxf6 17. Rac1 b5 18. Nc3 Qa5 19. Ne4 Be5 20. e3 Nb4 21. Qe2 f5 22. Rxc5 Rxc5 23. Nxc5 Rc8 24. d4 Bg7 25. g4 f4 26. a4 Bf8 27. axb5 axb5 28. Nd7 Bg7 29. Be4 Qa7 30. Qxb5 fxe3 31. fxe3 Bxd4 32. Qg5+ Kh8 33. Qh5 Bxe3+ 34. Kh1 f5 35. Qf7 Bg5 36. Qxe6 1-0

[Event "Sunnyvale 1000-D 09"]
[Site "Sunnyvale"]
[Date "2023.09.17"]
[Round "3"]
[White "Vasquez Ramirez, Rocio Nefertiti"]
[Black "Stevens, Adam B"]
[Result "1/2-1/2"]
[WhiteElo "2069"]
[BlackElo "1619"]
[PlyCount "46"]
[EventDate "2023.09.16"]
[EventType "schev"]
[EventRounds "5"]
[EventCountry "USA"]
[SourceTitle "EXT 2024"]
[Source "ChessBase"]
[SourceDate "2023.10.10"]
[SourceVersion "1"]
[SourceVersionDate "2023.10.10"]
[SourceQuality "1"]

1. d4 d5 2. c4 c6 3. e3 Nf6 4. Nc3 Bf5 5. Nf3 e6 6. a3 Nbd7 7. b3 Bd6 8. Bb2 0-0 9. Be2 h6 10. 0-0 Qe7 11. b4 Rfd8 12. Qb3 a6 13. Rfe1 Ne4 14. Rad1 b5 15. c5 Bc7 16. Nxe4 Bxe4 17. Nd2 Bg6 18. f4 Nf6 19. Nf3 Ne4 20. Ne5 Bxe5 21. dxe5 Qh4 22. Rf1 Bh5 23. Bf3 Bg6 1/2-1/2

[Event "Sunnyvale 1000-D 09"]
[Site "Sunnyvale"]
[Date "2023.09.17"]
[Round "5"]
[White "Zhou, Vanessa G"]
[Black "Vasquez Ramirez, Rocio Nefertiti"]
[Result "1/2-1/2"]
[WhiteElo "1848"]
[BlackElo "2069"]
[PlyCount "20"]
[EventDate "2023.09.16"]
[EventType "schev"]
[EventRounds "5"]
[EventCountry "USA"]
[SourceTitle "EXT 2024"]
[Source "ChessBase"]
[SourceDate "2023.10.10"]
[SourceVersion "1"]
[SourceVersionDate "2023.10.10"]
[SourceQuality "1"]

1. e4 e6 2. d4 d5 3. Nd2 c5 4. exd5 Qxd5 5. Ngf3 cxd4 6. Bc4 Qh5 7. Ne4 Nc6 8. 0-0 Nf6 9. Nxf6+ gxf6 10. Nxd4 Qxd1 1/2-1/2

[Event "Sunnyvale 1000-D 09"]
[Site "Sunnyvale"]
[Date "2023.09.16"]
[Round "2"]
[White "Yang, Maxwell"]
[Black "Vasquez Ramirez, Rocio Nefertiti"]
[Result "1-0"]
[WhiteElo "1890"]
[BlackElo "2069"]
[PlyCount "59"]
[EventDate "2023.09.16"]
[EventType "schev"]
[EventRounds "5"]
[EventCountry "USA"]
[SourceTitle "EXT 2024"]
[Source "ChessBase"]
[SourceDate "2023.10.10"]
[SourceVersion "1"]
[SourceVersionDate "2023.10.10"]
[SourceQuality "1"]

1. d4 d5 2. c4 dxc4 3. e3 Nf6 4. Bxc4 e6 5. Nf3 a6 6. 0-0 Nbd7 7. Nc3 b5 8. Bb3 Nb6 9. a3 Bb7 10. Qe2 c5 11. dxc5 Bxc5 12. e4 Rc8 13. Bg5 h6 14. Bh4 g5 15. Bg3 Qe7 16. Rac1 Nh5 17. Be5 Nf4 18. Bxf4 gxf4 19. e5 Nc4 20. Bxc4 bxc4 21. Ne4 Bd5 22. b4 cxb3 23. Nd6+ Kd7 24. Nxc8 Rxc8 25. Qxa6 b2 26. Qb5+ Kd8 27. Qxb2 Qa7 28. Qd2 Qxa3 29. Qxf4 Bxf2+ 30. Kxf2 1-0

[Event "ECU-ch (Women)"]
[Site "Quito"]
[Date "2023.06.22"]
[Round "3"]
[White "Vasquez Ramirez, Rocio Nefertiti"]
[Black "Orbe Vivero, Veronica Priscila"]
[Result "1-0"]
[WhiteElo "2093"]
[BlackElo "1814"]
[PlyCount "101"]
[EventDate "2023.06.21"]
[EventType "swiss"]
[EventRounds "9"]
[EventCountry "ECU"]
[SourceTitle "CBM 215 Extra"]
[Source "ChessBase"]
[SourceDate "2023.09.30"]
[SourceVersion "1"]
[SourceVersionDate "2023.09.30"]
[SourceQuality "1"]

1. e4 c5 2. Nf3 Nc6 3. d4 cxd4 4. Nxd4 Nf6 5. Nc3 e5 6. Ndb5 d6 7. Bg5 a6 8. Na3 b5 9. Nd5 Be7 10. Bxf6 Bxf6 11. c3 Bg5 12. Nc2 g6 13. a4 bxa4 14. Rxa4 0-0 15. b4 Bb7 16. Bc4 Kh8 17. Qe2 Ne7 18. 0-0 Rc8 19. Bxa6 Nxd5 20. exd5 Bxd5 21. c4 Qd7 22. Ra5 Bb7 23. Rd1 Rc7 24. c5 Ba8 25. Rxd6 Qf5 26. Bc4 Qf4 27. Ra1 Be7 28. Rdd1 Bf6 29. Ne3 Qe4 30. Nd5 Bxd5 31. Rxd5 Qxe2 32. Bxe2 e4 33. Ra6 Be7 34. Rd4 f5 35. c6 Rb8 36. b5 Bc5 37. Rd5 Be7 38. g3 Kg8 39. Bc4 Kg7 40. Ra1 Rbc8 41. Rad1 h6 42. Rd7 Kf6 43. Bb3 g5 44. Ba4 Bc5 45. R7d5 Bb6 46. Rd6+ Kg7 47. Rd7+ Kg6 48. R7d6+ Kh5 49. Bc2 Be3 50. h3 Bc5 51. R6d5 1-0

[Event "ECU-ch (Women)"]
[Site "Quito"]
[Date "2023.06.21"]
[Round "2"]
[White "Escobar Villota, Domenika Gabriela"]
[Black "Vasquez Ramirez, Rocio Nefertiti"]
[Result "0-1"]
[WhiteElo "1609"]
[BlackElo "2093"]
[PlyCount "106"]
[EventDate "2023.06.21"]
[EventType "swiss"]
[EventRounds "9"]
[EventCountry "ECU"]
[SourceTitle "CBM 215 Extra"]
[Source "ChessBase"]
[SourceDate "2023.09.30"]
[SourceVersion "1"]
[SourceVersionDate "2023.09.30"]
[SourceQuality "1"]

1. e4 c5 2. Nc3 Nc6 3. g3 g6 4. Bg2 Bg7 5. d3 d6 6. Be3 Rb8 7. Qd2 b5 8. Nge2 Nd4 9. 0-0 b4 10. Nd1 Qa5 11. h3 Qa4 12. Bxd4 cxd4 13. c3 bxc3 14. bxc3 Ba6 15. Nb2 Qa3 16. Nd1 e6 17. Nxd4 Ne7 18. Nc2 Qa4 19. Re1 0-0 20. d4 Rfc8 21. Nb4 Bb5 22. Ne3 a5 23. Nd3 Qa3 24. Rec1 Bxd4 25. cxd4 Bxd3 26. Ng4 h5 27. Nf6+ Kg7 28. Qg5 Be2 29. g4 Rxc1+ 30. Rxc1 hxg4 31. Nh5+ Kh7 32. Nf6+ Kg7 33. Nh5+ Kh7 34. Rc7 gxh5 35. Rxe7 Rf8 36. Qxh5+ Kg7 37. hxg4 Qc3 38. Qg5+ Kh7 39. Qf6 Qc1+ 40. Kh2 Qh6+ 41. Qxh6+ Kxh6 42. Ra7 Kg5 43. Kg3 Bxg4 44. Rxa5+ f5 45. f4+ Kg6 46. Ra6 Rd8 47. a4 Be2 48. Ra7 Rb8 49. a5 Rb3+ 50. Kf2 Bd3 51. e5 Rb2+ 52. Ke3 Bb5 53. Kf3 Rd2 0-1

[Event "ECU-ch (Women)"]
[Site "Quito"]
[Date "2023.06.21"]
[Round "1"]
[White "Vasquez Ramirez, Rocio Nefertiti"]
[Black "Cardenas Medrano, Areli Dayalem"]
[Result "1-0"]
[WhiteElo "2093"]
[BlackElo "1203"]
[PlyCount "43"]
[EventDate "2023.06.21"]
[EventType "swiss"]
[EventRounds "9"]
[EventCountry "ECU"]
[SourceTitle "CBM 215 Extra"]
[Source "ChessBase"]
[SourceDate "2023.09.30"]
[SourceVersion "1"]
[SourceVersionDate "2023.09.30"]
[SourceQuality "1"]

1. e4 d5 2. exd5 Qxd5 3. d4 Nf6 4. Nf3 a6 5. Be2 e6 6. 0-0 Be7 7. c4 Qd8 8. Nc3 0-0 9. Qc2 c5 10. dxc5 Bxc5 11. Bg5 Be7 12. Rfd1 Qc7 13. Bh4 Rd8 14. Bg3 Bd6 15. Qd2 Ne8 16. Ne4 Bxg3 17. Qxd8 Qxd8 18. Rxd8 Bd7 19. hxg3 Kf8 20. Rd1 Ke7 21. R1xd7+ Nxd7 22. Rxa8 1-0

[Event "Olympiad Women-41"]
[Site "Tromsoe"]
[Date "2014.08.14"]
[Round "11.4"]
[White "Vasquez Ramirez, Rocio Nefertiti"]
[Black "Makhlouf, Youmna"]
[Result "1-0"]
[WhiteElo "2122"]
[BlackElo "1874"]
[PlyCount "59"]
[EventDate "2014.08.02"]
[EventType "team-swiss"]
[EventRounds "11"]
[EventCountry "NOR"]
[SourceTitle "CBM 162"]
[Source "ChessBase"]
[SourceDate "2014.09.17"]
[SourceVersion "1"]
[SourceVersionDate "2014.09.17"]
[SourceQuality "1"]
[WhiteTeam "Ecuador (W)"]
[BlackTeam "Lebanon (W)"]
[WhiteTeamCountry "ECU"]
[BlackTeamCountry "LBN"]

1. e4 e6 2. d4 d5 3. Bd3 dxe4 4. Bxe4 Nf6 5. Bf3 Nc6 6. Ne2 Be7 7. 0-0 0-0 8. c4 e5 9. Bxc6 bxc6 10. dxe5 Qxd1 11. Rxd1 Ne4 12. Be3 Ng5 13. Nbc3 Ne6 14. Ne4 Re8 15. N2c3 a5 16. b3 Bb7 17. f4 Rad8 18. Na4 Rxd1+ 19. Rxd1 Bc8 20. g3 Rd8 21. Rxd8+ Nxd8 22. Bc5 Kf8 23. Kf2 Bf5 24. Ke3 Ke8 25. Bxe7 Kxe7 26. Nac5 h5 27. Kd4 Bc8 28. Kc3 Ne6 29. b4 axb4+ 30. Kxb4 1-0

[Event "Guayaquil pre olympic (Women)"]
[Site "Guayaquil"]
[Date "2012.03.25"]
[Round "6"]
[White "Moncayo Romero, Evelyn"]
[Black "Vasquez Ramirez, Rocio Nefertiti"]
[Result "1/2-1/2"]
[WhiteElo "2145"]
[BlackElo "2183"]
[PlyCount "23"]
[EventDate "2012.03.23"]
[EventType "swiss"]
[EventRounds "7"]
[EventCountry "ECU"]
[SourceTitle "EXT 2014"]
[Source "ChessBase"]
[SourceDate "2013.11.20"]
[SourceVersion "1"]
[SourceVersionDate "2013.11.20"]
[SourceQuality "1"]

1. e4 c5 2. d4 cxd4 3. c3 dxc3 4. Nxc3 e6 5. Bc4 Nc6 6. Nf3 d6 7. 0-0 Nf6 8. Qe2 Be7 9. Rd1 e5 10. h3 0-0 11. Bg5 Be6 12. Bb5 1/2-1/2

[Event "Guayaquil pre olympic (Women)"]
[Site "Guayaquil"]
[Date "2012.03.23"]
[Round "1"]
[White "Salazar Loor, Sara"]
[Black "Vasquez Ramirez, Rocio Nefertiti"]
[Result "1-0"]
[WhiteElo "1953"]
[BlackElo "2183"]
[PlyCount "77"]
[EventDate "2012.03.23"]
[EventType "swiss"]
[EventRounds "7"]
[EventCountry "ECU"]
[SourceTitle "EXT 2014"]
[Source "ChessBase"]
[SourceDate "2013.11.20"]
[SourceVersion "1"]
[SourceVersionDate "2013.11.20"]
[SourceQuality "1"]

1. e4 c5 2. Nf3 e6 3. d4 cxd4 4. Nxd4 Nc6 5. Nc3 a6 6. a3 d6 7. Be3 Nf6 8. Be2 Bd7 9. Qd2 b5 10. f3 Rc8 11. g4 h6 12. h4 Ne5 13. 0-0-0 Nc4 14. Bxc4 Rxc4 15. g5 hxg5 16. hxg5 Nh5 17. f4 g6 18. f5 Bg7 19. f6 Bf8 20. Nde2 Qa5 21. Qd3 Rc8 22. Nd4 Rg8 23. Nb3 Qc7 24. Rhe1 Rh8 25. Rh1 Rg8 26. Rde1 Bc6 27. Bd2 Bb7 28. Kb1 Rd8 29. Nd5 Qc4 30. Qf3 Bxd5 31. exd5 e5 32. Na5 Qc7 33. Nc6 Rc8 34. Ba5 Qb7 35. Re3 Kd7 36. Qg4+ Ke8 37. Rhe1 Rxc6 38. dxc6 Qxc6 39. Rc3 1-0

[Event "Olympiad Women-39"]
[Site "Khanty-Mansiysk"]
[Date "2010.10.01"]
[Round "10.20"]
[White "Frisk, Ellinor"]
[Black "Vasquez Ramirez, Rocio Nefertiti"]
[Result "0-1"]
[WhiteElo "2113"]
[BlackElo "2227"]
[PlyCount "80"]
[EventDate "2010.09.21"]
[EventType "team-swiss"]
[EventRounds "11"]
[EventCountry "RUS"]
[SourceTitle "CBM 139"]
[Source "ChessBase"]
[SourceDate "2010.11.18"]
[SourceVersion "1"]
[SourceVersionDate "2010.11.18"]
[SourceQuality "1"]
[WhiteTeam "Sweden (W)"]
[BlackTeam "Ecuador (W)"]
[WhiteTeamCountry "SWE"]
[BlackTeamCountry "ECU"]

1. e4 c5 2. Nf3 e6 3. d4 cxd4 4. Nxd4 a6 5. Nc3 Qb6 6. Nb3 Qc7 7. Bd3 b5 8. 0-0 Nf6 9. f4 b4 10. e5 bxc3 11. exf6 gxf6 12. bxc3 Bb7 13. Qe2 Be7 14. Be3 Qxc3 15. Bd2 Qc7 16. Na5 Bc6 17. Nxc6 Nxc6 18. Rab1 d5 19. Kh1 Nd4 20. Qf2 Nb5 21. Qg3 Nd6 22. Qg7 Kd7 23. Qg3 Rab8 24. Rb3 f5 25. Bc3 Rhg8 26. Qe1 Ne4 27. Be5 Bd6 28. Bxa6 Qxc2 29. g3 Rxb3 30. axb3 Bxe5 31. fxe5 Rb8 32. Be2 Qc3 33. Qd1 Rxb3 34. Bh5 Qd3 35. Qa1 Ra3 36. Qe1 Ra2 37. Qc1 Nxg3+ 38. hxg3 Qxg3 39. Be2 Qh4+ 40. Kg1 Rxe2 0-1

[Event "Olympiad Women-39"]
[Site "Khanty-Mansiysk"]
[Date "2010.09.28"]
[Round "7.22"]
[White "Ramirez M, Eugenia"]
[Black "Vasquez Ramirez, Rocio Nefertiti"]
[Result "1/2-1/2"]
[WhiteElo "2031"]
[BlackElo "2227"]
[PlyCount "113"]
[EventDate "2010.09.21"]
[EventType "team-swiss"]
[EventRounds "11"]
[EventCountry "RUS"]
[SourceTitle "CBM 139"]
[Source "ChessBase"]
[SourceDate "2010.11.18"]
[SourceVersion "1"]
[SourceVersionDate "2010.11.18"]
[SourceQuality "1"]
[WhiteTeam "Bolivia (W)"]
[BlackTeam "Ecuador (W)"]
[WhiteTeamCountry "BOL"]
[BlackTeamCountry "ECU"]

1. e4 d5 2. exd5 Qxd5 3. Nc3 Qa5 4. d4 c6 5. Nf3 Nf6 6. Bc4 Bf5 7. Ne5 e6 8. g4 Be4 9. f3 Bd5 10. Qd3 Nbd7 11. Nxd7 Nxd7 12. Bxd5 cxd5 13. Bd2 Bb4 14. Ne2 Rc8 15. c3 Be7 16. Bf4 b5 17. b4 Qa4 18. Kf2 Rc4 19. Qd1 Nb6 20. h4 Qxd1 21. Raxd1 Na4 22. Bd2 Kd7 23. Rb1 Rc6 24. Rb3 Rhc8 25. h5 Nb6 26. Ra3 Ra8 27. Rb3 Nc4 28. Bf4 Ra6 29. Ra1 f6 30. Rbb1 Ra3 31. Bc1 Ra4 32. Nf4 a5 33. bxa5 R8xa5 34. a3 Bxa3 35. Bxa3 Nxa3 36. Rb3 Nc4 37. Re1 Nd2 38. Rb2 Ra2 39. Rxa2 Rxa2 40. Re2 e5 41. dxe5 fxe5 42. Nxd5 e4 43. f4 Rb2 44. Ne3 Ke6 45. Nf5 g6 46. hxg6 hxg6 47. Ng3 Kd5 48. f5 gxf5 49. gxf5 Ke5 50. f6 Kxf6 51. Ke3 Nc4+ 52. Kxe4 Rxe2+ 53. Nxe2 Na3 54. Kd5 Nb1 55. Kc5 Nxc3 56. Nxc3 b4 57. Kxb4 1/2-1/2

[Event "Olympiad Women-39"]
[Site "Khanty-Mansiysk"]
[Date "2010.09.27"]
[Round "6.39"]
[White "Vasquez Ramirez, Rocio Nefertiti"]
[Black "Azman Hisham, Nur Nabila"]
[Result "1-0"]
[WhiteElo "2227"]
[BlackElo "1829"]
[PlyCount "63"]
[EventDate "2010.09.21"]
[EventType "team-swiss"]
[EventRounds "11"]
[EventCountry "RUS"]
[SourceTitle "CBM 139"]
[Source "ChessBase"]
[SourceDate "2010.11.18"]
[SourceVersion "1"]
[SourceVersionDate "2010.11.18"]
[SourceQuality "1"]
[WhiteTeam "Ecuador (W)"]
[BlackTeam "Malaysia (W)"]
[WhiteTeamCountry "ECU"]
[BlackTeamCountry "MAS"]

1. d4 Nf6 2. Nf3 g6 3. Nc3 Bg7 4. e4 0-0 5. e5 Ne8 6. h4 h5 7. Bc4 c5 8. Qd3 d5 9. dxc5 e6 10. Bb5 Qc7 11. b4 Nc6 12. Bxc6 bxc6 13. 0-0 Rb8 14. b5 cxb5 15. Nxb5 Qa5 16. a4 Ba6 17. Bg5 Bxb5 18. axb5 Qc7 19. c6 Kh7 20. Be3 a5 21. Bc5 Rh8 22. c4 dxc4 23. Qxc4 Bf8 24. Be3 Bb4 25. Rfd1 Rf8 26. Rd7 Qc8 27. b6 Ng7 28. b7 Qe8 29. Ba7 Nf5 30. Bxb8 Qxb8 31. c7 Qxb7 32. Rd8 1-0

[Event "Olympiad Women-39"]
[Site "Khanty-Mansiysk"]
[Date "2010.09.23"]
[Round "3.29"]
[White "Vasquez Ramirez, Rocio Nefertiti"]
[Black "Lopang, Tshepiso"]
[Result "1/2-1/2"]
[WhiteElo "2227"]
[BlackElo "1932"]
[PlyCount "92"]
[EventDate "2010.09.21"]
[EventType "team-swiss"]
[EventRounds "11"]
[EventCountry "RUS"]
[SourceTitle "CBM 139"]
[Source "ChessBase"]
[SourceDate "2010.11.18"]
[SourceVersion "1"]
[SourceVersionDate "2010.11.18"]
[SourceQuality "1"]
[WhiteTeam "Ecuador (W)"]
[BlackTeam "Botswana (W)"]
[WhiteTeamCountry "ECU"]
[BlackTeamCountry "BOT"]

1. e4 d5 2. exd5 Qxd5 3. Nc3 Qd8 4. d4 Nf6 5. Nf3 Bg4 6. h3 Bh5 7. g4 Bg6 8. Bg2 Ne4 9. Ne5 Nxc3 10. bxc3 c6 11. h4 f6 12. Nxg6 hxg6 13. Qd3 Kf7 14. Be4 e6 15. Bxg6+ Kg8 16. Bf4 Bd6 17. Qe4 Qe7 18. h5 Nd7 19. h6 Bxf4 20. h7+ Kf8 21. Qxf4 e5 22. Qe3 exd4 23. cxd4 Nb6 24. 0-0 Qxe3 25. fxe3 Nd5 26. Rf3 Ne7 27. Bd3 Kf7 28. g5 f5 29. Rb1 Rab8 30. e4 Rxh7 31. exf5 Rh4 32. g6+ Kf6 33. Re1 Rg4+ 34. Kf1 Nd5 35. c4 Nf4 36. Re6+ Kg5 37. Re5 Nxd3 38. Rxd3 Rf4+ 39. Kg2 Rxf5 40. Re7 Kf6 41. Rc7 Rg5+ 42. Kf3 Rxg6 43. Rb3 Rh8 44. Rbxb7 Rh3+ 45. Kf2 Rh2+ 46. Kf3 Rh3+ 1/2-1/2

[Event "American Continental (Women) 05th"]
[Site "Cali"]
[Date "2009.09.07"]
[Round "9"]
[White "Castrillon Gomez, Melissa"]
[Black "Vasquez Ramirez, Rocio Nefertiti"]
[Result "1-0"]
[WhiteElo "2031"]
[BlackElo "2285"]
[PlyCount "89"]
[EventDate "2009.09.01"]
[EventType "swiss"]
[EventRounds "9"]
[EventCountry "COL"]
[SourceTitle "CBM 132 Extra"]
[Source "ChessBase"]
[SourceDate "2009.11.03"]
[SourceVersion "1"]
[SourceVersionDate "2009.11.03"]
[SourceQuality "1"]

1. e4 c5 2. Nf3 e6 3. d4 cxd4 4. Nxd4 a6 5. Bd3 Qc7 6. 0-0 Bd6 7. Kh1 Bc5 8. Be3 Nf6 9. Nc3 h5 10. f4 Ng4 11. Bg1 b6 12. Na4 Bb7 13. Qe2 d6 14. Nxc5 dxc5 15. Nb3 Nc6 16. c3 Ne7 17. a4 Ng6 18. a5 c4 19. Bxc4 Nxf4 20. Bxb6 Qb8 21. Qf3 g5 22. Bd4 f5 23. Nc5 Nd3 24. Qg3 Nxc5 25. Qxb8+ Rxb8 26. Bxc5 Bxe4 27. b4 Rh6 28. Bxa6 h4 29. h3 Nf6 30. Be2 g4 31. hxg4 fxg4 32. Kh2 g3+ 33. Kg1 h3 34. gxh3 g2 35. Rf4 Rxh3 36. Kf2 Bf5 37. Kxg2 Rxc3 38. Bd4 Rc2 39. Bxf6 Rxe2+ 40. Kf3 Rc2 41. a6 Kf7 42. a7 Ra8 43. Bd4 Ke7 44. Rh4 Kd6 45. Rh8 1-0

[Event "Olympiad Women-38"]
[Site "Dresden"]
[Date "2008.11.21"]
[Round "8"]
[White "Muzychuk, Anna"]
[Black "Vasquez Ramirez, Rocio Nefertiti"]
[Result "1-0"]
[WhiteElo "2508"]
[BlackElo "2284"]
[PlyCount "43"]
[EventDate "2008.11.13"]
[EventType "team-swiss"]
[EventRounds "11"]
[EventCountry "GER"]
[SourceTitle "CBM 128"]
[Source "ChessBase"]
[SourceDate "2009.01.28"]
[SourceVersion "1"]
[SourceVersionDate "2009.01.28"]
[SourceQuality "1"]
[WhiteTeam "Slovenia (W)"]
[BlackTeam "Ecuador (W)"]
[WhiteTeamCountry "SLO"]
[BlackTeamCountry "ECU"]

1. e4 e6 2. d4 d5 3. Nd2 c5 4. Ngf3 cxd4 5. exd5 Qxd5 6. Bc4 Qh5 7. Nb3 Bb4+ 8. Bd2 Bxd2+ 9. Qxd2 Nc6 10. Nbxd4 Nxd4 11. Qxd4 Nf6 12. 0-0-0 0-0 13. Ne5 Qg5+ 14. f4 Qxg2 15. Rhg1 Qe4 16. Rxg7+ Kxg7 17. Rg1+ Qg6 18. h4 Kh8 19. Nxg6+ fxg6 20. h5 gxh5 21. Qd6 Rf7 22. Qd8+ 1-0

[Event "Olympiad Women-38"]
[Site "Dresden"]
[Date "2008.11.17"]
[Round "5"]
[White "Schuurman, Petra"]
[Black "Vasquez Ramirez, Rocio Nefertiti"]
[Result "1-0"]
[WhiteElo "2324"]
[BlackElo "2284"]
[PlyCount "95"]
[EventDate "2008.11.13"]
[EventType "team-swiss"]
[EventRounds "11"]
[EventCountry "GER"]
[SourceTitle "CBM 128"]
[Source "ChessBase"]
[SourceDate "2009.01.28"]
[SourceVersion "1"]
[SourceVersionDate "2009.01.28"]
[SourceQuality "1"]
[WhiteTeam "Netherlands (W)"]
[BlackTeam "Ecuador (W)"]
[WhiteTeamCountry "NED"]
[BlackTeamCountry "ECU"]

1. d4 Nf6 2. c4 g6 3. Nc3 Bg7 4. e4 d6 5. Nf3 0-0 6. Be2 e5 7. Be3 Nc6 8. d5 Ne7 9. Nd2 Nd7 10. b4 f5 11. f3 f4 12. Bf2 g5 13. c5 Nf6 14. Nc4 b6 15. cxd6 cxd6 16. Nb5 Ne8 17. a4 Ba6 18. Nba3 Nf6 19. Qb3 Kh8 20. Nd2 Bxe2 21. Kxe2 g4 22. Rac1 Qd7 23. Nb5 Ne8 24. Nc4 Nc8 25. h3 g3 26. Be1 a6 27. Nc3 Qa7 28. b5 a5 29. Nd1 Nf6 30. Nd2 Ne7 31. Rc6 Rfd8 32. Nc3 Qb8 33. Nc4 Nc8 34. Bd2 Nd7 35. Bc1 Nc5 36. Qc2 Bf8 37. Ba3 Nd7 38. Rc1 Ra7 39. Nd1 Nc5 40. Ndb2 Rad7 41. Bxc5 dxc5 42. Nd3 Bg7 43. Re6 Re7 44. Ndxe5 Bxe5 45. Nxe5 Qxe5 46. Rxe5 Rxe5 47. Qd2 Rf5 48. e5 1-0

[Event "Medellin Feria de las Flores op"]
[Site "Medellin"]
[Date "2008.08.09"]
[Round "6.11"]
[White "Vasquez Ramirez, Rocio Nefertiti"]
[Black "Santiago, Angel Adolfo"]
[Result "0-1"]
[WhiteElo "2288"]
[BlackElo "2035"]
[PlyCount "68"]
[EventDate "2008.08.06"]
[EventType "swiss"]
[EventRounds "9"]
[EventCountry "COL"]
[SourceTitle "EXT 2024"]
[Source "ChessBase"]
[SourceDate "2023.10.10"]
[SourceVersion "1"]
[SourceVersionDate "2023.10.10"]
[SourceQuality "1"]

1. e4 c5 2. Nf3 Nc6 3. d3 e5 4. Nc3 h6 5. Nd5 Nf6 6. g3 d6 7. Bg2 Be7 8. 0-0 Nxd5 9. exd5 Nb8 10. Ne1 0-0 11. f4 Nd7 12. f5 b5 13. c3 a5 14. a4 c4 15. Be3 bxa4 16. Qg4 Nf6 17. Qxc4 Bd7 18. h3 Rb8 19. Rf2 Rb3 20. Qa6 Qc7 21. c4 Rfb8 22. Bd2 Bd8 23. Bc3 R3b7 24. Bxe5 dxe5 25. d6 Qc5 26. d4 Qxd4 27. Bxb7 Bb6 28. c5 Bxc5 29. Nd3 Rxb7 30. Nxc5 Rxb2 31. Raf1 Qxc5 32. Qa8+ Kh7 33. g4 Bc6 34. Qf8 Qe3 0-1

[Event "Medellin Feria de las Flores op"]
[Site "Medellin"]
[Date "2008.08.06"]
[Round "8.13"]
[White "Salazar, Aura Cristina"]
[Black "Vasquez Ramirez, Rocio Nefertiti"]
[Result "0-1"]
[WhiteElo "2002"]
[BlackElo "2288"]
[PlyCount "24"]
[EventDate "2008.08.06"]
[EventType "swiss"]
[EventRounds "9"]
[EventCountry "COL"]
[SourceTitle "EXT 2024"]
[Source "ChessBase"]
[SourceDate "2023.10.10"]
[SourceVersion "1"]
[SourceVersionDate "2023.10.10"]
[SourceQuality "1"]

1. e4 c5 2. Nf3 e6 3. d4 cxd4 4. Nxd4 Nc6 5. Nxc6 bxc6 6. Bd3 d5 7. 0-0 Nf6 8. e5 Nd7 9. f4 Nc5 10. Nc3 Nxd3 11. Qxd3 Qb6+ 12. Kh1 Ba6 0-1

[Event "Olympiad Women-37"]
[Site "Turin"]
[Date "2006.05.29"]
[Round "8"]
[White "Hernandez Estevez, Yudania"]
[Black "Vasquez Ramirez, Rocio Nefertiti"]
[Result "0-1"]
[WhiteElo "2262"]
[BlackElo "2252"]
[PlyCount "92"]
[EventDate "2006.05.21"]
[EventType "team-swiss"]
[EventRounds "13"]
[EventCountry "ITA"]
[SourceTitle "CBM 112 Extra"]
[Source "ChessBase"]
[SourceDate "2006.07.14"]
[SourceVersion "1"]
[SourceVersionDate "2006.07.14"]
[SourceQuality "1"]
[WhiteTeam "Spain (W)"]
[BlackTeam "Ecuador (W)"]
[WhiteTeamCountry "ESP"]
[BlackTeamCountry "ECU"]

1. e4 c5 2. Nf3 e6 3. d4 cxd4 4. Nxd4 Nc6 5. Nc3 Qc7 6. Be2 a6 7. 0-0 Nf6 8. Kh1 Bb4 9. Bg5 Bxc3 10. Bxf6 gxf6 11. bxc3 Ke7 12. f4 d6 13. Qe1 Bd7 14. Qh4 Rag8 15. Bd3 h5 16. e5 dxe5 17. fxe5 Qxe5 18. Nf5+ Kf8 19. Rae1 Qxc3 20. Nd6 Rg4 21. Qf2 Qd4 22. Ne4 Qxf2 23. Rxf2 f5 24. Nc5 Bc8 25. h3 Rd4 26. Rb1 Ne5 27. Bf1 b5 28. a4 bxa4 29. c3 Rd8 30. Nxa4 Kg7 31. Nc5 Rd6 32. Ra2 Rhd8 33. Be2 Rc6 34. Na4 h4 35. Rb4 Ng6 36. Bf3 Rc7 37. Rb8 Rd6 38. Nb6 Ne7 39. c4 e5 40. Nxc8 Nxc8 41. Bb7 Rb6 42. Rxc8 Rbxb7 43. Re8 e4 44. Re5 Rxc4 45. Rxa6 Rb1+ 46. Kh2 Rcc1 0-1

[Event "Olympiad Women-36"]
[Site "Mallorca"]
[Date "2004.10.27"]
[Round "12.2"]
[White "Vasquez Ramirez, Rocio Nefertiti"]
[Black "Hernandez Estevez, Yudania"]
[Result "0-1"]
[WhiteElo "2257"]
[BlackElo "2201"]
[PlyCount "78"]
[EventDate "2004.10.15"]
[EventType "team-swiss"]
[EventRounds "14"]
[EventCountry "ESP"]
[SourceTitle "CBM 102 Extra"]
[Source "ChessBase"]
[SourceDate "2004.11.03"]
[SourceVersion "1"]
[SourceVersionDate "2004.11.03"]
[SourceQuality "1"]
[WhiteTeam "Ecuador (W)"]
[BlackTeam "Spain (W)"]
[WhiteTeamCountry "ECU"]
[BlackTeamCountry "ESP"]

1. e4 d6 2. d4 Nf6 3. Nc3 g6 4. Be3 c6 5. Qd2 b5 6. f3 Nbd7 7. g4 h6 8. d5 cxd5 9. Nxd5 a6 10. a4 bxa4 11. Qc3 Nxd5 12. exd5 Nf6 13. Rxa4 Bg7 14. Bb5+ Bd7 15. Bxd7+ Qxd7 16. Ra5 0-0 17. Qd2 Rfc8 18. Ne2 e6 19. dxe6 Qxe6 20. Nd4 Qe7 21. 0-0 Kh7 22. Rfa1 Qb7 23. c3 Nd5 24. Bf2 Nb6 25. b3 Nd7 26. f4 Nc5 27. Qe1 Ne4 28. c4 Re8 29. Rd5 Nf6 30. Qa5 Nxd5 31. Qxd5 Qxd5 32. cxd5 Re4 33. Ra4 Rxf4 34. Nc6 Rxa4 35. bxa4 Re8 36. h3 Re2 37. Kf1 Rd2 38. Nb4 a5 39. Be3 axb4 0-1